000 00891nam a22003017a 4500
001 0074
003 DO-SdBPM
005 20260505092309.0
007 ta
008 151012b2006 dr ||| 00| 0 spa d
020 _a8434877694
040 _aDO-SdBPM
_bspa
_cBPMSU
_d
_erda
082 0 4 _a863.6
_bA523c 2006
_222
100 1 _aAmo, Montserrat del
_d1925-2015
_4aut.
_eautor
245 1 3 _aLa casa pintada /
_cMonserrat del Amo
250 _a11a ed.
264 _aSanto Domingo :
_bEdiciones SM,
_c2006
300 _a123 páginas ;
_c19 cm.
336 _atexto
_btxt
_2rdacontent
337 _asin mediación
_bn
_2rdamedia
338 _avolumen
_bnc
_2rdacarrier
490 0 _aEl barco de vapor,
_v127
590 _aInventariado, 2026/VM
650 7 _aNovela juvenil española
650 _aLiteratura juvenil española
910 _aVMateo V. Control de calidad BPMSU
942 _2ddc
_cBK
999 _c8366
_d8366